000
00292nam a22001337a 4500
008
170925b xxu||||| |||| 00| 0 eng d
020
_a
9780764547447
041
_a
eng
080
_2
2ND
_a
37
100
_a
46
101
_a
EDU
245
_a
XML IN PLAIN ENGLISH
_c
EDDY,S.E
942
_2
udc
_c
BK
999
_c
29623
_d
29623